Southville International School and Colleges
Your cart is empty.
  • Cart
  • Lists
    Public lists Eva Luna New books Lux_list list_1
    Your lists Log in to create your own lists
  • Log in to your account
  • Your cookies
  • Search history
Southville International School and Colleges
  • Advanced search
  • Recent comments
  • Most popular
  • Libraries

Log in to your account

Log in with GOOGLE


If you do not have an external account, but do have a local account, you can still log in:

  1. Home
  2. MARC view: Effective training :
Normal view MARC view ISBD view

Effective training : (Record no. 15574)

[ view plain ]
MARC details
000 -LEADER
fixed length control field 01527cam a2200325 a 4500
001 - CONTROL NUMBER
control field 15654282
003 - CONTROL NUMBER IDENTIFIER
control field OSt
005 - DATE AND TIME OF LATEST TRANSACTION
control field 20140310182742.0
008 - FIXED-LENGTH DATA ELEMENTS--GENERAL INFORMATION
fixed length control field 090310s2010 njua b 001 0 eng
010 ## - LIBRARY OF CONGRESS CONTROL NUMBER
LC control number 2009010327
020 ## - INTERNATIONAL STANDARD BOOK NUMBER
International Standard Book Number 9789810697761
035 ## - SYSTEM CONTROL NUMBER
System control number (OCoLC)ocn277205331
040 ## - CATALOGING SOURCE
Original cataloging agency DLC
Transcribing agency DLC
Modifying agency YDX
-- BTCTA
-- YDXCP
-- CDX
-- DLC
050 00 - LIBRARY OF CONGRESS CALL NUMBER
Classification number HF 5549.5.T7
Item number .B555 2010
100 1# - MAIN ENTRY--PERSONAL NAME
Personal name Blanchard, P. Nick.
245 10 - TITLE STATEMENT
Title Effective training :
Remainder of title systems, strategies, and practices /
Statement of responsibility, etc P. Nick Blanchard, James W. Thacker.
250 ## - EDITION STATEMENT
Edition statement 4th ed.
260 ## - PUBLICATION, DISTRIBUTION, ETC. (IMPRINT)
Place of publication, distribution, etc Upper Saddle River, N.J. :
Name of publisher, distributor, etc Pearson/Prentice Hall,
Date of publication, distribution, etc 2010.
300 ## - PHYSICAL DESCRIPTION
Extent 489 p. :
Other physical details ill. ;
Dimensions 26 cm.
504 ## - BIBLIOGRAPHY, ETC. NOTE
Bibliography, etc Includes bibliographical references (p. 460-476) and index.
505 0# - FORMATTED CONTENTS NOTE
Formatted contents note Training in organizations -- Aligning training with strategy -- Learning, motivation, and performance -- Needs analysis -- Training design -- Traditional training methods -- Computer-based training methods -- Development and implementation of training -- Evaluation of training -- Key areas of organizational training -- Employee and management development.
521 ## - TARGET AUDIENCE NOTE
Target audience note
650 #0 - SUBJECT ADDED ENTRY--TOPICAL TERM
Topical term or geographic name as entry element Employees
General subdivision Training of.
650 #0 - SUBJECT ADDED ENTRY--TOPICAL TERM
Topical term or geographic name as entry element Occupational training.
700 1# - ADDED ENTRY--PERSONAL NAME
Personal name Thacker, James W.
906 ## - LOCAL DATA ELEMENT F, LDF (RLIN)
a 1
b cbc
c orignew
d 1
e ecip
f 20
g y-gencatlg
942 ## - ADDED ENTRY ELEMENTS (KOHA)
Source of classification or shelving scheme Library of Congress Classification
Koha item type Books
Call number prefix Foreign
Holdings
Withdrawn status Lost status Source of classification or shelving scheme Damaged status Home library Current library Shelving location Date acquired Source of acquisition Cost, normal purchase price Total Checkouts Full call number Barcode Date last seen Date checked out Copy number Price effective from Koha item type
    Library of Congress Classification   College Library College Library General Circulation Section 08/24/2011   998.00 1 HF 5549.5.T7 .B555 2010 C12525 05/15/2018 06/29/2015 1 10/18/2013 Books

Effective training :

APA

Blanchard P. N., Thacker J. W., . (2010). Effective training. Upper Saddle River, N.J: Pearson/Prentice Hall.

Chicago

Blanchard P Nick, Thacker James W, . 2010. Effective training. Upper Saddle River, N.J: Pearson/Prentice Hall.

Harvard

Blanchard P. N., Thacker J. W., . (2010). Effective training. Upper Saddle River, N.J: Pearson/Prentice Hall.

MLA

Blanchard P Nick, Thacker James W, . Effective training. Upper Saddle River, N.J: Pearson/Prentice Hall. 2010.

  • Place hold
  • Print
  • Cite
  • Add to your cart (remove)
  • Save record
    BIBTEX Dublin Core MARCXML MARC (non-Unicode/MARC-8) MARC (Unicode/UTF-8) MARC (Unicode/UTF-8, Standard) MODS (XML) RIS
  • More searches
    Search for this title in:
    Other Libraries (WorldCat) Other Databases (Google Scholar) Online Stores (Bookfinder.com) Open Library (openlibrary.org)

Exporting to Dublin Core...

SOUTHVILLE LIBRARY

Southville International School and Colleges Library

1281 Tropical Ave. Cor. Luxembourg St., BF Homes International, Las Pinas City

Tel. No. 8256374 / 252358 Loc. 117/146

Powered by Koha